<?xml version="1.0" encoding="UTF-8"?>
<record
    xmlns:xsi="http://www.w3.org/2001/XMLSchema-instance"
    xsi:schemaLocation="http://www.loc.gov/MARC21/slim http://www.loc.gov/standards/marcxml/schema/MARC21slim.xsd"
    xmlns="http://www.loc.gov/MARC21/slim">

  <leader>01497naa0a22002172i 4500</leader>
  <controlfield tag="001">RU\VMP\78993</controlfield>
  <controlfield tag="005">20250107123008.0</controlfield>
  <datafield tag="100" ind1=" " ind2=" ">
    <subfield code="a">20181112d2017    |||y0rusy5050    ca</subfield>
  </datafield>
  <datafield tag="101" ind1="0" ind2=" ">
    <subfield code="a">rus</subfield>
  </datafield>
  <datafield tag="102" ind1=" " ind2=" ">
    <subfield code="a">RU</subfield>
  </datafield>
  <datafield tag="200" ind1="1" ind2=" ">
    <subfield code="a">&#x41A;&#x440;&#x435;&#x43F;&#x43E;&#x441;&#x442;&#x43D;&#x43E;&#x439; &#x436;&#x438;&#x432;&#x43E;&#x43F;&#x438;&#x441;&#x435;&#x446; &#x418;&#x432;&#x430;&#x43D; &#x41B;&#x435;&#x442;&#x443;&#x43D;&#x43E;&#x432;</subfield>
    <subfield code="e">&#x421;&#x442;&#x430;&#x442;&#x44C;&#x44F;</subfield>
    <subfield code="f">&#x41F;&#x443;&#x431;&#x43B;&#x438;&#x43A;&#x430;&#x446;&#x438;&#x44F; &#x41D;. &#x411;. &#x412;&#x43E;&#x43B;&#x43A;&#x43E;&#x432;&#x43E;&#x439;</subfield>
  </datafield>
  <datafield tag="600" ind1=" " ind2="1">
    <subfield code="3">RU\VMP\AUTH\4056</subfield>
    <subfield code="a">&#x421;&#x432;&#x438;&#x43D;&#x44C;&#x438;&#x43D;</subfield>
    <subfield code="b">&#x41F;. &#x41F;.</subfield>
    <subfield code="f">1788&#x2013;1839</subfield>
    <subfield code="g">&#x41F;&#x430;&#x432;&#x435;&#x43B; &#x41F;&#x435;&#x442;&#x440;&#x43E;&#x432;&#x438;&#x447;</subfield>
    <subfield code="9">4056</subfield>
  </datafield>
  <datafield tag="600" ind1=" " ind2="1">
    <subfield code="2"></subfield>
    <subfield code="a">&#x41B;&#x435;&#x442;&#x443;&#x43D;&#x43E;&#x432;</subfield>
    <subfield code="g">&#x418;&#x432;&#x430;&#x43D;</subfield>
  </datafield>
  <datafield tag="606" ind1="1" ind2=" ">
    <subfield code="2"></subfield>
    <subfield code="a">&#x41A;&#x440;&#x435;&#x43F;&#x43E;&#x441;&#x442;&#x43D;&#x430;&#x44F; &#x438;&#x43D;&#x442;&#x435;&#x43B;&#x43B;&#x438;&#x433;&#x435;&#x43D;&#x446;&#x438;&#x44F; - XIX &#x432;.</subfield>
  </datafield>
  <datafield tag="606" ind1="1" ind2=" ">
    <subfield code="3">RU\VMP\AUTH\4042</subfield>
    <subfield code="a">&#x41A;&#x440;&#x435;&#x43F;&#x43E;&#x441;&#x442;&#x43D;&#x43E;&#x435; &#x43F;&#x440;&#x430;&#x432;&#x43E;</subfield>
    <subfield code="9">4042</subfield>
  </datafield>
  <datafield tag="606" ind1="1" ind2=" ">
    <subfield code="3">RU\VMP\AUTH\4021</subfield>
    <subfield code="a">&#x416;&#x438;&#x432;&#x43E;&#x43F;&#x438;&#x441;&#x44C;</subfield>
    <subfield code="y">&#x420;&#x43E;&#x441;&#x441;&#x438;&#x44F;</subfield>
    <subfield code="z">XIX &#x432;&#x435;&#x43A;</subfield>
    <subfield code="9">4021</subfield>
  </datafield>
  <datafield tag="700" ind1=" " ind2="1">
    <subfield code="3">RU\VMP\AUTH\3655</subfield>
    <subfield code="a">&#x417;&#x438;&#x43B;&#x44C;&#x431;&#x435;&#x440;&#x448;&#x442;&#x435;&#x439;&#x43D;</subfield>
    <subfield code="f">1905&#x2013;1988</subfield>
    <subfield code="g">&#x418;&#x43B;&#x44C;&#x44F; &#x421;&#x430;&#x43C;&#x43E;&#x439;&#x43B;&#x43E;&#x432;&#x438;&#x447;</subfield>
    <subfield code="9">3655</subfield>
  </datafield>
  <datafield tag="461" ind1=" " ind2="0">
    <subfield code="1">001RU\VMP\75424</subfield>
    <subfield code="1">2000 $v&#x412;&#x44B;&#x43F;. 12</subfield>
    <subfield code="f">&#x413;&#x43B;&#x430;&#x432;. &#x430;&#x440;&#x445;&#x438;&#x432;&#x43D;&#x43E;&#x435; &#x443;&#x43F;&#x440;. &#x43F;&#x440;&#x438; &#x421;&#x43E;&#x432;&#x435;&#x442;&#x435; &#x41C;&#x438;&#x43D;&#x438;&#x441;&#x442;&#x440;&#x43E;&#x432; &#x421;&#x421;&#x421;&#x420;</subfield>
    <subfield code="9">75424</subfield>
    <subfield code="a">&#x413;&#x43B;&#x430;&#x432;. &#x430;&#x440;&#x445;&#x438;&#x432;&#x43D;&#x43E;&#x435; &#x443;&#x43F;&#x440;. &#x43F;&#x440;&#x438; &#x421;&#x43E;&#x432;&#x435;&#x442;&#x435; &#x41C;&#x438;&#x43D;&#x438;&#x441;&#x442;&#x440;&#x43E;&#x432; &#x421;&#x421;&#x421;&#x420;</subfield>
    <subfield code="c">&#x41C;.</subfield>
    <subfield code="d">1970-</subfield>
    <subfield code="n">&#x421;&#x43E;&#x432;&#x435;&#x442;&#x441;&#x43A;&#x430;&#x44F; &#x420;&#x43E;&#x441;&#x441;&#x438;&#x44F;</subfield>
    <subfield code="o">&#x421;&#x431;&#x43E;&#x440;&#x43D;&#x438;&#x43A; &#x43C;&#x430;&#x442;&#x435;&#x440;&#x438;&#x430;&#x43B;&#x43E;&#x432; &#x426;&#x435;&#x43D;&#x442;&#x440;&#x430;&#x43B;&#x44C;&#x43D;&#x43E;&#x433;&#x43E; &#x413;&#x43E;&#x441;&#x443;&#x434;&#x430;&#x440;&#x441;&#x442;&#x432;&#x435;&#x43D;&#x43D;&#x43E;&#x433;&#x43E; &#x430;&#x440;&#x445;&#x438;&#x432;&#x430; &#x43B;&#x438;&#x442;&#x435;&#x440;&#x430;&#x442;&#x443;&#x440;&#x44B; &#x438; &#x438;&#x441;&#x43A;&#x443;&#x441;&#x441;&#x442;&#x432;&#x430; &#x421;&#x421;&#x421;&#x420;</subfield>
    <subfield code="t">&#x412;&#x441;&#x442;&#x440;&#x435;&#x447;&#x438; &#x441; &#x43F;&#x440;&#x43E;&#x448;&#x43B;&#x44B;&#x43C;</subfield>
    <subfield code="v">&#x412;&#x44B;&#x43F;. 12</subfield>
  </datafield>
  <datafield tag="463" ind1=" " ind2="0">
    <subfield code="1">001RU\VMP\78987</subfield>
    <subfield code="1">2000 $v&#x421;. 570-610</subfield>
    <subfield code="9">78987</subfield>
    <subfield code="d">2017</subfield>
    <subfield code="p">672 &#x441;., [40] &#x43B;. &#x438;&#x43B;.</subfield>
    <subfield code="t">&#x412;&#x441;&#x442;&#x440;&#x435;&#x447;&#x438; &#x441; &#x43F;&#x440;&#x43E;&#x448;&#x43B;&#x44B;&#x43C;. - &#x412;&#x44B;&#x43F;. 12</subfield>
    <subfield code="y">978-5-906594-11-2</subfield>
    <subfield code="v">&#x421;. 570-610</subfield>
  </datafield>
  <datafield tag="942" ind1=" " ind2=" ">
    <subfield code="c">AT</subfield>
  </datafield>
  <datafield tag="090" ind1=" " ind2=" ">
    <subfield code="a">78993</subfield>
  </datafield>
</record>
